Kto Strzelił Wtedy Bramkę - Statystyki

Ogólne statystyki
  • Ten quiz został rozwiązany 226 razy
  • Średni wynik to 7 z 15
Statystyki odpowiedzi
Rozgrywki\Rok\Drużyny\Faza\Wynik Odpowiedź % Poprawnych
El.ME\2014\Gruzja 0-4 Polska\Faza Grupowa\0:4 Milik
88%
El.ME\2014\Gruzja 0-4 Polska\Faza Grupowa\0:2 Krychowiak
81%
LE\2015\Dnipro Dniepropietrowsk 2-3 Sevilla\Finał\1:1 Krychowiak
81%
ME\2012\Hiszpania 4-0 Włochy\Finał\3:0 Torres
78%
El.ME\2014\Gruzja 0-4 Polska\Faza Grupowa\0:1 Glik
59%
La Liga\2020\Real Madryt 2-0 FC Barcelona\Liga\1:0 Vinicius
54%
ME\2012\Hiszpania 4-0 Włochy\Finał\1:0 Silva
51%
ME\2012\Hiszpania 4-0 Włochy\Finał\2:0 Alba
46%
El.ME\2014\Gruzja 0-4 Polska\Faza Grupowa\0:3 Mila
46%
ME\2012\Hiszpania 4-0 Włochy\Finał\4:0 Mata
35%
LE\2015\Dnipro Dniepropietrowsk 2-3 Sevilla\Finał\1:2 Bacca
32%
LE\2015\Dnipro Dniepropietrowsk 2-3 Sevilla\Finał\2:3 Bacca
32%
La Liga\2020\Real Madryt 2-0 FC Barcelona\Liga\2:0 Mariano
31%
LE\2015\Dnipro Dniepropietrowsk 2-3 Sevilla\Finał\2:2 Rotan
9%
LE\2015\Dnipro Dniepropietrowsk 2-3 Sevilla\Finał\1:0 Kalinić
8%
Nie znaleziono quizów pasujących do podanych kryteriów
Rozkład punktacji
Procent ludzi z każdym wynikiem
Percentyl według liczby udzielonych odpowiedzi
Twoja historia wyników
Nie rozwiązałeś tego quizu